Plaque d'imatriculation américaine - Statistiques

Statistiques générales
  • Ce quiz a été pris 43 fois
  • Le résultat moyen est 9 sur 51
Statistiques - réponses
Par images Réponse % Correct
Hawaii
79%
Minnesota
57%
New york
57%
Floride
43%
Alaska
36%
Arizona
36%
Tennessee
36%
Texas
36%
Utah
36%
Washington
36%
Maine
29%
New jersey
29%
Oregon
29%
Illinois
21%
Kentucky
21%
New hampshire
21%
Alabama
14%
Californie
14%
Caroline du sud
14%
Connecticut
14%
Dakota du sud
14%
Delaware
14%
Georgie
14%
Idaho
14%
Louisiane
14%
Mississipi
14%
Missouri
14%
Nevada
14%
Nouveau Mexique
14%
Oklahoma
14%
Rhode island
14%
Wyoming
14%
Arkansas
7%
Caroline du nord
7%
Colorado
7%
Dakota du nord
7%
Indiana
7%
Maryland
7%
Massachusetts
7%
Michigan
7%
Montana
7%
Ohio
7%
Pennsylvanie
7%
Vermont
7%
Virginie
7%
Virginie occidental
7%
Washington DC
7%
Wisconsin
7%
Iowa
0%
Kansas
0%
Nebraska
0%
Aucun quiz correspondant
Distribution des résultats
% des personnes avec chaque résultat
Percentile par nombre de réponses
Votre historique - résultats
Vous n’avez pas pris ce quiz